Cultura general #27 - Estadísticas

Estadísticas generales
  • Esta prueba ha sido intentada 2.254 veces
    1.752 desde el último reinicio
  • La puntuación promedio es 9 de 20
Estadísticas de respuestas
Pregunta Respuesta % Correcto
¿Cuántas tarjetas hay en una baraja española (sin contar unos comodines)? 40 (o 48)
88%
¿Dónde vive Peter Pan? País de {Nunca Jamás}
85%
¿Qué idioma a veces se refiere como castellano? Español
84%
¿Qué animal aparece en el logo de Ferrari? Caballo
83%
¿Orejas de qué animal se le ponían tradicionalmente a un alumno como castigo en la escuela? Burro
77%
¿Quién pintó los relojes derretidos? Salvador Dalí
75%
¿Cuál es la última provincia española en orden alfabético? Zaragoza
64%
¿Qué material era usado para teclas de los pianos y bolas de billar? Marfil
55%
¿Cuál es una letra griega o una parte de un río? Delta
50%
¿Qué planta emblemática de Madrid también empieza con Madr-? Madroño
48%
¿De qué país es la madre de Lamine Yamal? Guinea Ecuatorial
41%
¿Qué país fue conocido previamente como Siam? Tailandia
37%
¿Qué país perdió alrededor del 25 % de su población a finales de la década de 1970 durante el sangriento régimen de Pol Pot? Camboya
34%
¿Cuál fue el primer satélite artificial en completar una órbita alrededor de la Tierra? Sputnik
32%
¿Cuál es el nombre de nacimiento de Superman? Kal-El
20%
En latín, ¿qué significa literalmente caput? Cabeza
18%
¿Cuál es el adjetivo más corto que empieza con esd-? Esdrújulo/a
17%
¿Qué objeto mágico usaba el Chapulín Colorado para paralizar a sus enemigos? {Chipote} chillón
16%
¿Qué tipo de sombrero lleva Indiana Jones? Fedora
10%
¿En qué paso de los Pirineos fue derrotada la retaguardia de Carlomagno? Roncesvalles
10%
No se encontraron pruebas coincidentes
Distribución de puntuación
Porcentaje de gente con cada puntuación
Porcentaje por número respondido
Historial de tus puntuaciones
No has intentado esta prueba desde el último reinicio